Emergency medicine secrets (Record no. 346)

000 -LEADER
fixed length control field 05724nam a22005417a 4500
001 - CONTROL NUMBER
control field 932082432
003 - CONTROL NUMBER IDENTIFIER
control field OCoLC
005 - DATE AND TIME OF LATEST TRANSACTION
control field 20230110101456.0
006 - FIXED-LENGTH DATA ELEMENTS--ADDITIONAL MATERIAL CHARACTERISTICS
fixed length control field m o d
007 - PHYSICAL DESCRIPTION FIXED FIELD--GENERAL INFORMATION
fixed length control field cr |||||||||||
008 - FIXED-LENGTH DATA ELEMENTS--GENERAL INFORMATION
fixed length control field 151211t20162016paua ob 000 0 eng d
020 ## - INTERNATIONAL STANDARD BOOK NUMBER
International Standard Book Number 9780323355162 (paperback)
020 ## - INTERNATIONAL STANDARD BOOK NUMBER
Canceled/invalid ISBN 0323355161 (paperback)
035 ## - SYSTEM CONTROL NUMBER
System control number (OCoLC)932082432
040 ## - CATALOGING SOURCE
Original cataloging agency MMU
Language of cataloging eng
Description conventions rda
Transcribing agency MMU
Modifying agency MMU
041 ## - LANGUAGE CODE
Language code of text/sound track or separate title eng
049 ## - LOCAL HOLDINGS (OCLC)
Holding library YYEA
-- VZYM
080 ## - UNIVERSAL DECIMAL CLASSIFICATION NUMBER
Universal Decimal Classification number 616.21
Item number E-50
099 ## - LOCAL FREE-TEXT CALL NUMBER (OCLC)
Classification number INTERNET LINK
100 ## - MAIN ENTRY--PERSONAL NAME
9 (RLIN) 233
Personal name Markovchick, J. Vincent
245 00 - TITLE STATEMENT
Title Emergency medicine secrets
Statement of responsibility, etc. [edited by] Vincent J. Markovchick, Peter T. Pons, Katherine M. Bakes, Jennie A. Buchanan.
250 ## - EDITION STATEMENT
Edition statement 6th ed.
260 ## - PUBLICATION, DISTRIBUTION, ETC.
Place of publication, distribution, etc. Philadelphia, PA :
Name of publisher, distributor, etc. Elsevier,
Date of publication, distribution, etc. [2016]
300 ## - PHYSICAL DESCRIPTION
Extent 1 online resource : 729 p.
Other physical details illustrations.
365 ## - TRADE PRICE
Price amount 43.87 usd
490 1# - SERIES STATEMENT
Series statement Secrets.
500 ## - GENERAL NOTE
General note EINSTEIN & MMC: available online via Clinical Key. See Reference staff for assistance.
504 ## - BIBLIOGRAPHY, ETC. NOTE
Bibliography, etc. note Includes bibliographical references.
505 0# - FORMATTED CONTENTS NOTE
Formatted contents note Decision making in emergency medicine -- Management of cardiac arrest and principles of resuscitation -- Airway management -- Shock -- Emergency ultrasound -- Geriatric emergency medicine -- Palliative care and advance directives -- How to critically review emergency medicine literature -- Evidence-based rational use of diagnostic imaging -- EMTALA, the joint commission, and HIPAA -- Emergency medicine observation medicine -- Performance evaluation and improvement in emergency medicine -- Altered mental status and coma -- Fever -- Chest pain -- Abdominal pain, nausea, and vomiting -- Headache -- Syncope, vertigo, and dizziness -- Seizures -- Anaphylaxis -- Low back pain -- Nontraumatic ocular emergencies -- Nontraumatic ear, nose, and throat emergencies -- Dental and oral surgical emergencies -- Transient ischemic attack and cerebrovascular accident -- Meningitis -- Breathing and ventilation -- Asthma, chronic obstructive pulmonary disease, and pneumonia -- Venous thromboembolism -- Congestive heart failure and acute pulmonary edema -- Ischemic heart disease -- Cardiac dysrhythmias, pacemakers, and implantable defibrillators -- Hypertension, hypertensive crisis, aortic dissection, and aortic aneurysms -- Pericarditis and myocarditis -- Esophagus and stomach disorders -- Bowel disorders -- Liver and biliary tract disease -- Renal colic and scrotal pain -- Acute urinary retention -- Urinary tract infection : cystitis, pyelonephritis, and prostatitis -- Chronic kidney disease and dialysis -- Hemostasis and coagulopathies -- Sickle cell disease -- Oncologic emergencies -- Fluids and electrolytes -- Acid-base disorders -- Diabetes mellitus -- Thyroid and adrenal disorders -- Sepsis syndromes and toxic shock -- Soft-tissue infections -- Sexually transmitted diseases and human immunodeficiency virus infection -- Tetanus, botulism, and food poisoning -- Travel medicine and vector-borne diseases -- Arthritis -- Skin diseases -- Lightning and electrical injuries -- Drowning -- Hypothermia and frostbite -- Heat illness -- Altitude illness and dysbarisms -- Evaluation of fever in children younger than age three -- Seizures in infancy and childhood -- Acute respiratory disorders in children -- Pediatric gastrointestinal disorders and dehydration -- Pediatric infectious diseases -- Emergency department evaluation of child abuse -- Procedural sedation and analgesia of the pediatric patient -- Pediatric and neonatal resuscitation -- General approach to poisonings -- The alcohols : ethylene glycol, methanol, isopropyl alcohol, and alcohol-related complications -- Antipyretic poisoning -- Bites and stings -- Smoke inhalation -- Common drugs of abuse -- Cardiovascular toxicology -- Pediatric ingestions -- Pelvic inflammatory disease -- Sexual assault -- Spontaneous abortion, ectopic pregnancy, and vaginal bleeding -- Third-trimester complications and delivery -- Multiple trauma -- Maxillofacial trauma -- Cervical spine and spinal cord trauma -- Head trauma -- Traumatic ophthalmologic emergencies -- Neck trauma -- Chest trauma -- Abdominal trauma -- Pelvic fractures and genitourinary trauma -- Trauma in pregnancy -- Pediatric trauma -- Musculoskeletal trauma and hand injuries -- Burns -- Wound management -- Acute psychosis -- Depression, suicide, and posttraumatic stress disorder -- Management of the violent patient -- Intimate partner violence -- EMS medical oversight -- Disaster management -- Weapons of mass destruction -- Tactical medicine.
588 ## - SOURCE OF DESCRIPTION NOTE
Source of description note Description based on online resource; title from resource home page (ClinicalKey, viewed December 11, 2015).
590 ## - LOCAL NOTE (RLIN)
Local note c.1 10070102 Ritt 12/17/15 $46.99.
650 #2 - SUBJECT ADDED ENTRY--TOPICAL TERM
Topical term or geographic name entry element Emergencies
Form subdivision Examination Questions.
650 #0 - SUBJECT ADDED ENTRY--TOPICAL TERM
Topical term or geographic name entry element Medicine
9 (RLIN) 69
650 #2 - SUBJECT ADDED ENTRY--TOPICAL TERM
Topical term or geographic name entry element Emergency Medicine
Form subdivision Examination Questions.
653 ## - INDEX TERM--UNCONTROLLED
Uncontrolled term მედიცინა
653 ## - INDEX TERM--UNCONTROLLED
Uncontrolled term გადაუდებელი მედიცინა
655 #7 - INDEX TERM--GENRE/FORM
Genre/form data or focus term Electronic books.
700 1# - ADDED ENTRY--PERSONAL NAME
Personal name Markovchick, Vincent J.
700 1# - ADDED ENTRY--PERSONAL NAME
Personal name Pons, Peter T.
700 1# - ADDED ENTRY--PERSONAL NAME
Personal name Bakes, Katherine M.
700 1# - ADDED ENTRY--PERSONAL NAME
Personal name Buchanan, Jennie A.
710 2# - ADDED ENTRY--CORPORATE NAME
Corporate name or jurisdiction name as entry element Clinical Key (Online Service)
776 08 - ADDITIONAL PHYSICAL FORM ENTRY
Relationship information Print version:
Title Emergency medicine secrets.
Edition Sixth edition
Place, publisher, and date of publication Philadelphia, PA : Elsevier, [2016]
International Standard Book Number 9780323355162
Record control number (DLC) 2015038975
-- (OCoLC)923139098.
830 #0 - SERIES ADDED ENTRY--UNIFORM TITLE
Uniform title Secrets series.
856 40 - ELECTRONIC LOCATION AND ACCESS
Materials specified ClinicalKey
Uniform Resource Identifier <a href="https://elibrary.einsteinmed.org/login?URL=https://www.clinicalkey.com/dura/browse/bookChapter/3-s2.0-C20140019272 ">https://elibrary.einsteinmed.org/login?URL=https://www.clinicalkey.com/dura/browse/bookChapter/3-s2.0-C20140019272 </a>
Public note EINSTEIN: Clinical Key ebook collection
856 41 - ELECTRONIC LOCATION AND ACCESS
Materials specified ClinicalKey
Uniform Resource Identifier <a href="https://www.clinicalkey.com/dura/browse/bookChapter/3-s2.0-C20140019272 ">https://www.clinicalkey.com/dura/browse/bookChapter/3-s2.0-C20140019272 </a>
Public note MMC: Clinical Key ebook collection
942 ## - ADDED ENTRY ELEMENTS (KOHA)
Source of classification or shelving scheme
Koha item type Books
Edition 6
Holdings
Withdrawn status Lost status Source of classification or shelving scheme Damaged status Not for loan Permanent location Current location Date acquired Inventory number Total Checkouts Full call number Barcode Date last seen Price effective from Koha item type
          Ken Walker International University Ken Walker International University 11/21/2020 1042   61 E-50 1042 11/21/2020 11/21/2020 Books
          Ken Walker International University Ken Walker International University 11/21/2020 1043   61 E-50 1043 11/21/2020 11/21/2020 Books
          Ken Walker International University Ken Walker International University 11/21/2020 2061   61 E-50 2061 11/21/2020 11/21/2020 Books

Powered by Koha